000 00765nam a22001817a 4500
005 20240319125011.0
010 _aHIN-127099
020 _a9789381930403
_c550.00
035 _aHN-99445
037 _bDBAD/PUB
082 _a915.4
100 _aत्रिपाठी विनायक
_963560
245 _aभारत में पर्यटन स्थल व विकास/
_cविनायक त्रिपाठी
260 _aपश्चिमी करावल नगर
_bकार्तिक प्रकाशन
_c2022
270 _aबी-89 गली न. 9
_bदिल्ली
_e110093
300 _a176पृष्ट;
_c23सेमी(सजिल्द)
942 _cHN
_2ddc
_h915.4
_mत्रिपाठी
999 _c201513
_d201513